Central Library OPAC University of Rajshahi

History of Muslim education / (Record no. 38760)

MARC details
000 -LEADER
fixed length control field 00825cam a22002531 4500
001 - CONTROL NUMBER
control field 38760
003 - CONTROL NUMBER IDENTIFIER
rucl marc code BD-RjUL
005 - DATE AND TIME OF LATEST TRANSACTION
control field 20211209052844.0
008 - FIXED-LENGTH DATA ELEMENTS--GENERAL INFORMATION
fixed length control field 160222s1967 pk 000 0 eng
035 ## - SYSTEM CONTROL NUMBER
System control number (BD-RjUL)38869
040 ## - CATALOGING SOURCE
Original cataloging agency DLC
Transcribing agency MNS
Modifying agency MNS
-- OCoLC
-- DLC
-- BD-RjUL
Language of cataloging eng
041 ## - LANGUAGE CODE
Language code of text/sound track or separate title eng
082 ## - DEWEY DECIMAL CLASSIFICATION NUMBER
Classification number 370.91767
Author mark and year KHH V-I 1967
100 2# - MAIN ENTRY--PERSONAL NAME
Personal name Khan, M. Hamiuddin
9 (RLIN) 119569
245 10 - TITLE STATEMENT
Title History of Muslim education /
Statement of responsibility, etc. by M. Hamiuddin Khan.
250 ## - EDITION STATEMENT
Edition statement 1st ed.
260 ## - PUBLICATION, DISTRIBUTION, ETC. (IMPRINT)
Place of publication, distribution, etc. Karachi :
Name of publisher, distributor, etc. Acedemy [sic] of Educational Research, All Pakistan Educational Conference,
Date of publication, distribution, etc. 1967
300 ## - PHYSICAL DESCRIPTION
Pagination volume ;
Size 23 cm.
505 0# - FORMATTED CONTENTS NOTE
Formatted contents note Vol.- 1. 712 to 1750 A. D.-- v. 2. 1751 to 1854 A. D. --
650 #0 - SUBJECT ADDED ENTRY--TOPICAL TERM
Topical term or geographic name as entry element Islamic education.
9 (RLIN) 118048
Topical term or geographic name as entry element Education
Geographic subdivision India
General subdivision History.
9 (RLIN) 119570
942 ## - ADDED ENTRY ELEMENTS (KOHA)
Source of classification or shelving scheme Dewey Decimal Classification
Koha item type Books
Holdings
Lost status Source of classification or shelving scheme Damaged status Not for loan Collection code Permanent Location Current Location Shelving location Date acquired Source of acquisition Cost, normal purchase price Total Checkouts Full call number Date last seen Date checked out Copy number Koha item type
  Dewey Decimal Classification     Non-fiction Central Library, University of Rajshahi Central Library, University of Rajshahi   23/08/1973 Nowroze 12.00 1 370.91767 KHH V-1 1967 14/05/2016 27/02/2016 C-2 Books
  Dewey Decimal Classification     Non-fiction Central Library, University of Rajshahi Central Library, University of Rajshahi   23/08/1973 Nowroze 12.00   370.91767 KHH V-1 1967 22/08/2016   C-3 Books
  Dewey Decimal Classification     Non-fiction Central Library, University of Rajshahi Central Library, University of Rajshahi   23/08/1973 Nowroze 12.00   370.91767 KHH V-1 1967 22/08/2016   C-4 Books
  Dewey Decimal Classification     Non-fiction Central Library, University of Rajshahi Central Library, University of Rajshahi   23/08/1973 Nowroze 12.00   370.91767 KHH V-1 1967 22/08/2016   C-5 Books